| 000 | 00668nas a2200229 4500 | ||
|---|---|---|---|
| 001 | BR5400226 | ||
| 003 | BR-BrBNA | ||
| 005 | 20231205081941.0 | ||
| 007 | ta | ||
| 008 | 230509b bl.|||p| |||| 00| 00por d | ||
| 040 |
_aBR-BrBNA _bpor _cBiblioteca Nacional de Agricultura |
||
| 041 | _a(Pt) | ||
| 072 | _aE70; E15 | ||
| 100 | 1 | _aMattos, J.T.R. de | |
| 245 | 1 | _aAspectos da exportacao do Rio Grande do Sul [Brasil] | |
| 650 | _aEXPORTACAO | ||
| 650 | _aESTATISTICA DE PRODUCAO | ||
| 650 | _aRIO GRANDE DO SUL | ||
| 773 | 0 |
_tIntercambio (Brazil) _x _g(Oct 1954), v. 2(10) p. 27-30,32 _wBR5400226 |
|
| 909 |
_a202311 _bLúcia _c55 _dLúcia Elande |
||
| 942 |
_2AGRIS _n0 _cANA |
||
| 999 |
_c88077 _d88077 |
||